Principles Of Inorganic Chemistry (Record no. 219665)

MARC details
000 -LEADER
fixed length control field 00503nam a2200181Ia 4500
008 - FIXED-LENGTH DATA ELEMENTS--GENERAL INFORMATION
fixed length control field 230714s9999 xx 000 0 und d
020 ## - INTERNATIONAL STANDARD BOOK NUMBER
International Standard Book Number 9790000000000
041 ## - LANGUAGE CODE
Language code of text/sound track or separate title eng
082 ## - DEWEY DECIMAL CLASSIFICATION NUMBER
Classification number 546
Item number PUR
100 ## - MAIN ENTRY--PERSONAL NAME
Personal name Puri B.R.
245 ## - TITLE STATEMENT
Title Principles Of Inorganic Chemistry
250 ## - EDITION STATEMENT
Edition statement 3rd ed.
260 ## - PUBLICATION, DISTRIBUTION, ETC. (IMPRINT)
Date of publication, distribution, etc. 2016
Name of publisher, distributor, etc. Vishal Publishing
300 ## - PHYSICAL DESCRIPTION
Extent 1170
365 ## - TRADE PRICE
Currency code Rs.
Price amount 675.00
700 ## - ADDED ENTRY--PERSONAL NAME
Personal name Puri B.R.; Sharma L.R. & Kalia K.C.
9 (RLIN) 199846
906 ## - LOCAL DATA ELEMENT F, LDF (RLIN)
d O:0370112-Jan-2017B:SE/SI/363505-Jan-2017
c BSH
b 810

No items available.